Bezpečnosť štátu a občana energetická bezpečnosť

Bibliographic Details
Main Authors: Ivančík, Radoslav, 1969- (Author), Kelemen, Miroslav, 1966- (Author)
Format: Book
Language:Slovak
PhysicalDescription:177 s. grafy, mp., portréty, tab. 21 cm
Published: Plzeň Vydavatelství a nakladatelství Aleš Čeněk 2013
ISBN:9788073804749
Subjects:

MARC

LEADER 00000cam a2200000 a 4500
001 vtls010584939
003 SK-MaSNL
005 20260301142534.0
008 240314s2013 xr dbc f 001 0dslo
015 |a SNBZSA2014-002222 
020 |a 9788073804749  |q (brož.) 
035 |a 51D07A77-7BC6-4FD0-BD94-569EFE722A48 
035 |a urn:nbn:sk:snk-amk5kd 
035 |a urn:nbn:sk:snk-am0048kv 
040 |a SNK  |b slo  |c SNK  |e AACR2 
041 0 |a slo  |b eng 
044 |a xr  |c CZ 
072 7 |a 620.9  |x Energetika  |2 konspekt 
080 |a 620.9:327.5  |2 2001 
080 |a (048.8)  |2 2001 
100 1 |a Ivančík, Radoslav,  |d 1969-  |4 aut  |9 145557 
245 1 0 |a Bezpečnosť štátu a občana  |b energetická bezpečnosť  |c Radoslav Ivančík, Miroslav Kelemen 
246 3 0 |a Energetická bezpečnosť 
260 |a Plzeň  |b Vydavatelství a nakladatelství Aleš Čeněk  |c 2013 
300 |a 177 s.  |b grafy, mp., portréty, tab.  |c 21 cm 
504 |a Bibliogr.: s. 166-173 ; bibliogr. odkazy ; reg. 
546 |a Res. angl. 
650 0 7 |a energetická bezpečnosť  |2 SNKPH  |9 89790 
650 0 7 |a Energy security  |2 SNKPHeng  |9 132478 
655 7 |a monografie  |2 SNKPH  |9 70139 
655 7 |a Monographs  |2 SNKPHeng  |9 120675 
700 1 |a Kelemen, Miroslav,  |d 1966-  |4 aut  |9 145558 
852 |a Štátna vedecká knižnica v Banskej Bystrici 
919 |a 978-80-7380-474-9 
958 |a ZS 
958 |a SK 
958 |a CZ 
958 |a BX 
958 |a NB 
999 |c 770565  |d 772495 
952 |a SNK  |b SNK  |y PREZ  |7 0  |p 17A1111095  |o snkSC 160208  |i snk2014/14993  |8 4  |g 6.63  |0 0  |1 0  |4 0  |d 2014-04-11  |f 1  |l 0  |r 2025-08-22 00:00:00  |w 2026-02-24